MARC

LEADER 00000nam2a2200000 4500
001 208235
005 20231205145641.0
035 |a (RuTPU)RU\TPU\book\227312 
035 |a RU\TPU\book\227311 
090 |a 208235 
100 |a 20120201d1976 k y0rusy50 ca 
101 0 |a rus 
102 |a RU 
105 |a a z 001yy 
181 |a i   |b  e  
182 |a n 
183 |a nc  |2 RDAcarrier 
200 0 |a Сб. 2  |f под ред. Ю. Б. Виноградова , Т. Л. Киренской 
203 |a Текст  |b визуальный  |c непосредственный 
210 |d 1977 
215 |a 128 с.  |c ил. 
283 |a volume 
320 |a Библиогр. в конце ст. 
461 1 |0 207807  |t Селевые потоки  |o [сборник статей]  |f Казахский научно-исследовательский гидрометеорологический институт  |v Сб. 2  |d 1976-  |9 207807  |a Казахский научно-исследовательский гидрометеорологический институт  |c Москва  |n Гидрометеоиздат 
606 |a Селевые потоки  |x (геология)  |9 72570 
610 1 |a селевые потоки 
610 1 |a селезащитные сооружения 
675 |a 551.311.8  |v 3  |z rus 
702 1 |a Виноградов  |b Ю. Б.  |4 340 
702 1 |a Киренская  |b Т. Л.  |4 340 
801 1 |a RU  |b 63413507  |c 20120201 
801 2 |a RU  |b 63413507  |c 20120201  |g RCR 
942 |c CR